Statistiques concernant Les Jean du plan de Paris

Cliquez ici pour prendre le quiz!

Statistiques générales

  • Ce quiz a été pris 3 fois
  • Le résultat moyen est 19 sur 104

Statistiques - réponses

HintRéponse% Correct
Jean de la FontaineEcrivain / Poète
100%
Jean GionoEcrivain / Poète
100%
Jean AnouilhEcrivain / Poète
100%
Jean CalvinReligieux
100%
Jean MoulinRésistant
100%
Jean GabinActeur / Comédien
50%
Jean MaraisActeur / Comédien
50%
Jean-Paul BelmondoActeur / Comédien
50%
Jean-Louis BarraultActeur / Comédien
50%
Jean BeausireArchitecte
50%
Jean-Michel BasquiatArtiste peintre
50%
Jean ArpArtiste peintre
50%
Jean FerratAuteur-compositeur-interprète
50%
Jean MermozAviateur
50%
Jean-Sébastien BachCompositeur
50%
Jean-Baptiste SayEconomiste
50%
Jean RichepinEcrivain / Poète
50%
Jean GiraudouxEcrivain / Poète
50%
Jean RostandEcrivain / Poète
50%
Jean-Jacques RousseauEcrivain / Poète
50%
Jean CocteauEcrivain / Poète
50%
Jean-Henri FabreEntomologiste
50%
Jean MonnetHomme politique
50%
Jean-Jacques Servan-SchreiberHomme politique
50%
Jean-Pierre BlochHomme politique
50%
Jean BernardMédecin
50%
Jean BartMilitaire / Corsaire
50%
Jean VigoRéalisateur
50%
Jean RenoirRéalisateur
50%
Jean-Paul IIReligieux
50%
Jean-Baptiste PigalleSculpteur
50%
Jean PoulmarchSyndicaliste
50%
Jean LauprêtreSyndicaliste
50%
Jean FormigéArchitecte
0%
Jean VilarArtiste peintre
0%
Jean VeberArtiste peintre
0%
Jean-Louis ForainArtiste peintre
0%
Jean BologneArtiste peintre
0%
Jean-Paul LaurensArtiste peintre
0%
Jean SablonAuteur-compositeur-interprète
0%
Jean OestreicherAvocat
0%
Jean ThébaudAvocat
0%
Jean de BueilChevalier
0%
Jean de BeauvaisCommerçant
0%
Jean NicotDiplomate
0%
Jean FourastiéEconomiste
0%
Jean DolentEcrivain / Poète
0%
Jean-Antoine de BaïfEcrivain / Poète
0%
Jean AicardEcrivain / Poète
0%
Jean LorrainEcrivain / Poète
0%
Jean MoréasEcrivain / Poète
0%
Jean PaulhanEcrivain / Poète
0%
Jean DollfusEntrepreneur / Industriel
0%
Jean LeclaireEntrepreneur / Industriel
0%
Jean ZayHomme politique
0%
Jean-François DivryHomme politique
0%
Jean CollyHomme politique
0%
Jean-Baptiste SémanazHomme politique
0%
Jean PronteauHomme politique
0%
Jean JaurèsHomme politique
0%
Jean LerolleHomme politique
0%
Jean VarenneHomme politique
0%
Jean MinjozHomme politique
0%
Jean MacéHomme politique
0%
Jean-Baptiste DurnayHomme politique
0%
Jean-Baptiste DumasHomme politique
0%
Jean-Baptiste BerlierIngénieur
0%
Jean ReyIngénieur
0%
Jean-Claude ArnouldIngénieur
0%
Jean NohainJournaliste
0%
Jean OberléJournasliste
0%
Jean-Maurice VerdierJuriste
0%
Jean DelayMédecin
0%
Jean SicardMédecin
0%
Jean FerrandiMilitaire / Corsaire
0%
Jean MaridorMilitaire / Corsaire
0%
Jean SimonMilitaire / Corsaire
0%
Jean DunandOrfèvre
0%
Jean-Baptiste ClémentParolier
0%
Jean-Paul SartrePhilosophe
0%
Jean FalckPropriétaire
0%
Jean TisonPropriétaire
0%
Jean LantierPropriétaire
0%
Jean-Marie JégoPropriétaire
0%
Jean RobertPropriétaire
0%
Jean CottinPropriétaire
0%
Jean GodardPropriétaire
0%
Jean-Baptiste LuquetPropriétaire
0%
Jean DaudinPropriétaire
0%
Jean MénansPropriétaire
0%
Jean BoutonPropriétaire
0%
Jean-François LépinePropriétaire
0%
Jean-Baptiste de La SalleReligieux
0%
Jean-François GerbillonReligieux
0%
Jean LebeufReligieux
0%
Jean du BellayReligieux
0%
Jean-Pierre LévyRésistant
0%
Jean QuarréRésistant
0%
Jean MoinonRésistant
0%
Jean CarrièsSculpteur
0%
Jean HuguesSculpteur
0%
Jean GoujonSculpteur
0%
Jean FautrierSculpteur
0%
Jean-Pierre TimbaudSyndicaliste
0%

Distribution des résultats

Percentile par nombre de réponses

% des personnes avec chaque résultat

Votre développement - résultats

Vous n’avez pas pris ce quiz